000 00296nam a2200109Ia 4500
008 230907s9999||||xx |||||||||||||| ||und||
082 _a621.3661
_bMOR
100 _aMorthier, Geert,
_997044
245 0 _aHandbook of distributed feedback laser diodes /
300 _axvi, 379 pages :
942 _cBK
999 _c599366
_d599366